zpět

Detail výsledku týmu

Pivnice U Badinů, Brno

Datum a čas kvízu

34 Celkem bodů Celkový počet nahraných bodů na tomto kvízu bez doplňovacích otázek.
3. Pořadí na kvízu Konečné umístění týmu na tomto kvízu.

Zaznamenané odpovědi

# Otázka Odpověď Body Výsledky
1. 15. ledna byl slavnostně otevř... 1
2. Prostořeký prezident USA Donal... 1
3. Ve středu 17. ledna byly oznám... 1
4. Britové na sociálních sítích k... 1
5. Ve 37 letech ukončil kariéru f... 1
6. Abychom se mohli ohřát u ohně,... 0
7. Firework, tedy Ohňostroj, je h... 1
8. Olympijský oheň je jedním ze z... 1
5. Ohněm a mečem je román polskéh... 1
5. Napište název jevu související... 0